Ιστορία νεότερη και σύγχρονη : [Γ' Γυμνασίου]
Saved in:
| Main Author: | |
|---|---|
| Corporate Author: | |
| Format: | Book |
| Language: | Greek |
| Published: |
Αθήνα :
Οργανισμός Εκδόσεως Διδακτικών Βιβλίων,
[2006]
|
| Edition: | 16η έκδ. |
| Subjects: | |
| Tags: |
Add Tag
No Tags, Be the first to tag this record!
|
MARC
| LEADER | 00000cam a2200000 i 4500 | ||
|---|---|---|---|
| 001 | 1/55752 | ||
| 008 | 070924s2006 gr | ||| |||| ||gre|| | ||
| 020 | |a 9600604819 | ||
| 035 | |l 10090952 | ||
| 040 | |a GR-MY-UA |b gre |e aacr | ||
| 041 | 0 | |a gre | |
| 082 | 0 | |a 373.495 |2 (22) | |
| 100 | 1 | |a Σφυρόερας, Βασίλης Βλ., |d 1921- | |
| 245 | 1 | 0 | |a Ιστορία νεότερη και σύγχρονη : |b [Γ' Γυμνασίου] / |c Βασ. Βλ. Σφυρόερα ; Υπουργείο Εθνικής Παιδείας και Θρησκευμάτων, Παιδαγωγικό Ινστιτούτο |
| 250 | |a 16η έκδ. | ||
| 260 | |a Αθήνα : |b Οργανισμός Εκδόσεως Διδακτικών Βιβλίων, |c [2006] | ||
| 300 | |a 391 σ.; |b έγχρ. εικ.; |c 23 εκ. | ||
| 650 | 0 | 0 | |a History, Modern. |
| 650 | 0 | 0 | |a History |x Study and teaching (Secondary) |
| 651 | 0 | |a Greece |x History |x Study and teaching. | |
| 710 | 2 | |a Παιδαγωγικό Ινστιτούτο. | |
| 852 | |a INST |b RHODES |e 20070924 |h 373.495 ΣΦΥ |p 005400024905 |q 005400024905 |t BK |y 0 | ||
| 901 | |a BIBL4-2007-3 | ||
| 970 | |a ΧΑΡΙΟΠΟΛΙΤΟΥ |b ΚΩΝΣΤΑΝΤΙΝΑ |z 2007/09/24 | ||